000 00719nam a2200289Ia 4500
005 20260324140933.0
008 008 260324s9999 xx 000 0 eng d
020 _a9780203058350
037 _aEBOOK
040 _aCRL
040 _beng
040 _cCRL
041 _2eng
041 _aeng
084 _qCRL
100 _aWilliam D. Coleman; Geoffrey D. Underhill
_91206303
245 0 _aRegionalism and Global Economic Integration
245 0 _bEurope, Asia and the Americas
260 _bTaylor and Francis
260 _c1998
365 _a
365 _b240
856 _uhttp://www.taylorfrancis.com/books/9780203058350
942 _cEBOOK
999 _c1808869
_d1808869